[Event "Gallego-ch U18"]
[Site "Viveiro"]
[Date "2017.02.26"]
[Round "4"]
[White "Ferreiro Solla, Pablo"]
[Black "Suarez Rozas, David"]
[Result "1-0"]
[WhiteElo "1704"]
[BlackElo "1411"]
[PlyCount "67"]
[EventDate "2017.02.25"]
[EventType "swiss"]
[EventRounds "8"]
[EventCountry "ESP"]
[SourceTitle "EXT 2024"]
[Source "ChessBase"]
[SourceDate "2023.10.10"]
[SourceVersion "1"]
[SourceVersionDate "2023.10.10"]
[SourceQuality "1"]

1. e4 e6 2. d4 d5 3. e5 c5 4. c3 Nc6 5. Nf3 Qb6 6. Bd3 Bd7 7. 0-0 cxd4 8. cxd4 Nxd4 9. Nbd2 Nxf3+ 10. Nxf3 Ne7 11. Be3 Qc7 12. Rc1 Nc6 13. a3 Qc8 14. b4 a6 15. h4 Be7 16. h5 h6 17. Qd2 f5 18. exf6 Bxf6 19. Bc5 Ne7 20. Bg6+ Nxg6 21. hxg6 b6 22. Bd6 Bb5 23. Bc7 Qd7 24. Rfe1 0-0 25. Bxb6 Rac8 26. Bc5 Rfe8 27. Ne5 Bxe5 28. Rxe5 Bc4 29. Rce1 a5 30. Qe3 axb4 31. axb4 Rc6 32. Rf5 Ra6 33. Rf7 Qa4 34. Qe5 1-0